Bioinformatics :methods and applications (Record no. 758467)

MARC details
000 -LEADER
fixed length control field 00436nam a22001577a 4500
020 ## - INTERNATIONAL STANDARD BOOK NUMBER
ISBN 9798893640175
082 ## - DEWEY DECIMAL CLASSIFICATION NUMBER
Classification number 572.80285 KEN/B
100 ## - MAIN ENTRY--AUTHOR NAME
Personal name Harlan Kennedy Ed.
245 ## - TITLE STATEMENT
Title Bioinformatics :methods and applications
260 ## - PUBLICATION, DISTRIBUTION, ETC. (IMPRINT)
Place of publication USA
Name of publisher Callisto Reference
Year of publication 2025
300 ## - PHYSICAL DESCRIPTION
Number of Pages 230p.
650 ## - SUBJECT ADDED ENTRY--TOPICAL TERM
Topical Term Bioinformatics
856 ## - ELECTRONIC LOCATION AND ACCESS
Uniform Resource Identifier https://www.callistoreference.com/book/1578
942 ## - ADDED ENTRY ELEMENTS (KOHA)
Source of classification or shelving scheme Dewey Decimal Classification
Koha item type Book
Holdings
Withdrawn status Lost status Source of classification or shelving scheme Damaged status Not for loan Home Library Current Location Date acquired Full call number Accession Number Price effective from Koha item type
    Dewey Decimal Classification     Dept. of Computational Biology and Bioinformatics Dept. of Computational Biology and Bioinformatics 06/04/2026 572.80285 KEN/B DCB4427 06/04/2026 Book